|
|
|
|
| LEADER |
00000nam a2200000na 4500 |
| 001 |
vtls010651177 |
| 003 |
SK-MaSNL |
| 005 |
20260301035223.0 |
| 008 |
251112s1826 pl 0 0n0 pol |
| 015 |
|
|
|a SNBHFA1826
|
| 020 |
|
|
|q (brož.)
|
| 035 |
|
|
|a 6DA7B00A-D8DA-40C9-AFEA-64985A55F4A7
|
| 035 |
|
|
|a urn:nbn:sk:snk-amycsh
|
| 035 |
|
|
|a urn:nbn:sk:snk-am00ci7k
|
| 040 |
|
|
|a SNKHF
|b slo
|c SNK
|e AACR2
|
| 041 |
0 |
|
|a pol
|
| 044 |
|
|
|a pol
|c PL
|
| 072 |
|
7 |
|a 82-1/-8
|x Literatúra rôznych foriem a žánrov (o nej)
|2 konspekt
|
| 080 |
|
|
|a 82-1
|2 2011
|
| 080 |
|
|
|a 82-141
|2 2011
|
| 100 |
1 |
|
|a Gaszynski, Konstanty,
|d 1809-1866
|4 aut
|9 337421
|
| 245 |
1 |
0 |
|a Na Zgon Stanislawa Staszica
|
| 260 |
|
|
|a [Warsawa]
|b [b.n.]
|c [1826]
|
| 561 |
|
|
|a Okrúhla pečiatka: Dar Martina Hamuliaka Matici slovenskej.
|5 SNK IB 39639
|
| 600 |
1 |
4 |
|a Staszic, Stanisław Wawrzyniec,
|d 1755-1826
|9 162419
|
| 650 |
0 |
7 |
|a poézia
|2 SNKPH
|9 1274
|
| 650 |
0 |
7 |
|a literatúra
|2 SNKPH
|9 1427
|
| 655 |
|
7 |
|a príležitostná poézia
|2 SNK
|9 86742
|
| 700 |
1 |
|
|a Hamuljak, Martin,
|d 1789-1859
|4 fmo
|9 79936
|
| 752 |
|
|
|a Poľsko
|d Varšava
|
| 852 |
|
|
|a snk
|b Historické fondy
|p IB 39639
|
| 958 |
|
|
|a ONDV
|
| 999 |
|
|
|c 583513
|d 585443
|
| 952 |
|
|
|t Ham 657
|a SNK
|b SNK
|c SNK_HF
|y PREZ
|7 0
|p 17A1127162
|o snkIB 39639
|i snkF 3333/79
|8 5
|0 0
|1 0
|4 0
|d 2015-02-02
|f 1
|l 0
|r 2026-02-23 14:59:36
|w 2026-02-23
|